Programa para diseño de minicentrales hidroeléctricas en computadora
Guardat en:
| Autor principal: | |
|---|---|
| Format: | Llibre |
| Publicat: |
San José, Costa Rica
1989
|
| Matèries: | |
| Etiquetes: |
Afegir etiqueta
Sense etiquetes, Sigues el primer a etiquetar aquest registre!
|
MARC
| LEADER | 00000nam a2200000Ia 4500 | ||
|---|---|---|---|
| 003 | 005302 | ||
| 005 | 20221231144326.0 | ||
| 008 | 140114s1989 cr a m 000 ||s d | ||
| 040 | |c cru CEDI | ||
| 090 | |a TFG 2520 | ||
| 100 | |a Quesada Corrales, Guido M. |9 12660 | ||
| 245 | |a Programa para diseño de minicentrales hidroeléctricas en computadora | ||
| 260 | |c 1989 |a San José, Costa Rica | ||
| 300 | |a vii 140 hojas ; 28 cm + MANU5 | ||
| 500 | |a Proyecto de graduación (licenciatura en ingeniería mecánica)--Universidad de Costa Rica. Facultad de Ingeniería. Escuela de Ingeniería Mecánica | ||
| 650 | |x CENTRALES HIDROELECTRICAS - PROGRAMAS PARA COMPUTADORA |9 12666 | ||
| 942 | |c TFG | ||
| 999 | |c 20199 |d 20199 | ||
